000 00379pab a2200145 454500
008 180718b2007 xxu||||| |||| 00| 0 eng d
100 _aBose, Ashish
245 _aSpeeding up reduction in maternal mortality: chasing a mirage?
260 _c2007
300 _ap.206-08.
362 _a20 Jan
650 _aMortality
773 _aEconomic and Political Weekly
909 _a73188
999 _c73188
_d73188